Statistics for Disney Feature Films by Character #2

Click here to take the quiz!

General Stats

  • This quiz has been taken 870 times
  • The average score is 8 of 20

Answer Stats

HintAnswer% Correct
Anna, Olaf, KristoffFrozen
83%
Clayton, Jane, KerchakTarzan
75%
Yzma, Chicha, Bucky the SquirrelThe Emperor's New Groove
64%
Koda, Denahi, SitkaBrother Bear
53%
Pelinor, Archimedes, Madame MimThe Sword in the Stone
53%
Vanellope, Felix, Taffyta MuttonfudgeWreck-It Ralph
51%
Tod, Big Mama, Amos SladeThe Fox and the Hound
47%
Dormouse, Bill, DinahAlice in Wonderland
44%
Timothy Q. Mouse, Mr. Stork, CattyDumbo
44%
Jumba, David Kawena, PleakleyLilo and Stitch
42%
Rita, Jenny, WinstonOliver and Company
35%
Olivia, Fidget, David Q. DawsonThe Great Mouse Detective
35%
Morph, B.E.N., Captain AmeliaTreasure Planet
34%
Wilbur, Jake, CodyThe Rescuers Down Under
29%
Helga Sinclair, Vincenzo Santorini, Preston B. WhitmoreAtlantis: The Lost Empire
27%
Penny, Blake, Dr. CalicoBolt
25%
Taran, Eilonwy, Fflewddur FflamThe Black Cauldron
25%
Pearl Gesner, Rusty, MaggieHome on the Range
12%
Mr. Harrington, Lizzy, WilburMeet the Robinsons
12%
Angus McBadger, Katrina Van Tassel, CyrilThe Adventures of Ichabod and Mr. Toad
6%

Score Distribution

Percentile by Number Answered

Percent of People with Each Score

Your Score History

You have not taken this quiz